000 00874nmc a2200325 a 4500
003 AR-BaBNM
005 20251128205708.0
008 188019s1995 ||||||||||||||000 | spa||
020 _a84-254-1916-6
040 _cAR-BaBNM
100 1 _aSoulier, Bernadette
245 1 0 _aLos discapacitados y la sexualidad
260 _aBarcelona
_bHerder
_c1995
300 0 _a139 p.
490 0 _aColección Resortes
_vv. 5
500 0 _aCentros de readaptación y reeduicación: 138-139
504 _aBibliografía: p. 133-137
650 4 _aEDUCACION ESPECIAL
650 4 _aSEXUALIDAD
650 4 _aAMOR
650 4 _aEDUCACION SEXUAL
650 4 _aRELACIONES SEXUALES
650 4 _aPSICOLOGIA AFECTIVA
653 0 _aREEDUCACION
653 0 _aDISCAPACITADOS
653 0 _aDISCAPACIDADES
700 1 _aChiner, David
_etraductor
942 _cBK
998 _carturo
999 _c12436
_d12436